Depósitos fiscales /

Guardado en:
Bibliografiske detaljer
Hovedforfatter: Buenrostro Gómez, Oscar (autor)
Format: Tesis Bog
Sprog:spansk
Fag:
Tags: Tilføj Tag
Ingen Tags, Vær først til at tagge denne postø!

MARC

LEADER 00000nam^a2200000^a^4500
001 000143224
005 20250521000000.0
009 20260310095717.692
037 |a Acervo ITESO - Biblioteca 
041 |a ESP 
090 |a CIN. 203 
100 |a Buenrostro Gómez, Oscar  |e (autor) 
245 1 0 |a Depósitos fiscales /  |c O. Buenrostro Gómez. 
264 |a Guadalajara, México :  |b edición de autor,  |c 2002 
300 |a 1 disco compacto de computadora 
336 |a datos para computadora  |b cod  |2 rdacontenido 
337 |a computadora  |b c  |2 rdamedio 
338 |a disco de computadora  |b cd  |2 rdasoporte 
502 |a ITESO Reporte Profesional de Licenciatura en Comercio Internacional 
649 |a XX 
650 |a Almacenes 
650 |a Almacenamiento 
650 |a Distribución del Producto 
650 |a Producto (Mezcla de Mercadotecnia) 
650 |a Mercadotecnia 
650 |a Competencia Internacional (Economía) 
650 |a Comercio Internacional 
650 |a Economía 
910 |a Fondo General 
920 |a Electrónicos - Tesis del ITESO en Disco 
905 |a 202 
901 |a 0500132152  |b IT2  |c STS  |u 20250521 
902 |a https://opac.biblio.iteso.mx/vufind/Record/000143224